UK Theme Park Rides - Statistics

General Stats
  • This quiz has been taken 163 times
  • The average score is 23 of 38
Answer Stats
Park Type Year Ride % Correct
Alton Towers Thrill 2013 The Smiler
94%
Alton Towers Thrill 1994 Nemesis
93%
Alton Towers Thrill 1998 Oblivion
89%
Alton Towers Thrill 2018 Wicker Man
89%
Alton Towers Thrill 2005 Rita
88%
Thorpe Park Thrill 2006 Stealth
86%
Thorpe Park Thrill 2012 The Swarm
84%
Alton Towers Thrill 2004 Galactica
81%
Alton Towers Thrill 2010 Th13teen
80%
Blackpool Pleasure Beach Thrill 1994 The Big One
77%
Thorpe Park Thrill 2002 Colossus
76%
Thorpe Park Thrill 2009 Saw the Ride
76%
Thorpe Park Thrill 2003 Nemesis Inferno
74%
Thorpe Park Family 2007 Flying Fish
69%
Blackpool Pleasure Beach Thrill 2018 Icon
66%
Alton Towers Family 2004 Spinball Whizzer
66%
Alton Towers Family 1992 Runaway Mine Train
65%
Chessington Family 1990 Vampire
65%
Thorpe Park Thrill 1996 The Walking Dead: The Ride
64%
Blackpool Pleasure Beach Family 1923 Big Dipper
61%
Drayton Manor Thrill 1994 Shockwave
61%
Blackpool Pleasure Peach Family 1935 Grand National
57%
Blackpool Pleasure Beach Family 1935 Grand National
57%
Blackpool Pleasure Beach Thrill 2007 Infusion
56%
Chessington Thrill 2004 Dragon's Fury
52%
Blackpool Pleasure Beach Water 2000 Valhalla
50%
Chessington Family 1998 Rattlesnake
46%
Blackpool Pleasure Beach Thrill 1979 Revolution
45%
Blackpool Pleasure Beach Family 1988 Avalanche
43%
Drayton Manor Thrill 2011 Accelerator
42%
Flamingo Land Thrill 2006 Kumali
42%
Flamingo Land Thrill 2013 Hero
39%
Chessington Water 1987 Tiger's Rock
39%
Blackpool Pleasure Beach Family 1977 Steeplechase
37%
Thorpe Park Thrill Unreleased Project Exodus
34%
Paulton's Park Family 2006 Cobra
32%
Paulton's Park Family 2016 Velociraptor
28%
Paulton's Park Family 2016 Flight of the Pterosaur
24%
No matching quizzes found
Score Distribution
Percent of People with Each Score
Percentile by Number Answered
Your Score History
You have not taken this quiz